MARC

LEADER 00000nam0a2200000 4500
001 283225
005 20231101235557.0
020 |a RU  |b 85-2002 
035 |a (RuTPU)RU\TPU\book\307276 
090 |a 283225 
100 |a 20150205d1984 m y0rusy5003 ca 
101 0 |a rus 
102 |a RU 
105 |a y j 001zy 
200 1 |a Специальные вопросы горнопромышленной геологии на карьерах  |e учебное пособие для вузов  |f А. М. Гальперин  |g Московский горный институт (МГИ) 
210 |a Москва  |c Изд-во МГИ  |d 1984 
215 |a 32 с.  |c 1 л. табл. 
320 |a Библиогр.: с. 31 
606 1 |a Карьеры  |x Разработка  |x Горно-геологические условия  |2 stltpush  |3 (RuTPU)RU\TPU\subj\39394  |9 59507 
610 1 |a горногеологические условия 
610 1 |a гидрогеологические факторы 
610 1 |a карьерные поля 
610 1 |a типизация 
610 1 |a инженерно-геологические исследования 
610 1 |a вскрышные работы 
610 1 |a учебные пособия 
675 |a 622.271(075.8)  |z rus  |v 3 
700 1 |a Гальперин  |b А. М.  |g Анатолий Моисеевич  |4 070 
712 0 2 |a Московский горный институт (МГИ)  |c (1930-1962, 1966-1993)  |2 stltpush  |3 (RuTPU)RU\TPU\col\3944 
801 0 |a RU  |b RuMRKP  |c 19950704  |g psbo 
801 1 |a RU  |b 63413507  |c 20150205 
801 2 |a RU  |b 63413507  |c 20170123  |g RCR 
942 |c BK